[Event "VIII Iberoamericano Mexico 2022"]
[Site "Mexico City"]
[Date "2022.02.14"]
[Round "3.17"]
[White "Henderson de La Fuente, Lance"]
[Black "Guevara Sanchez, Erick Marvin"]
[Result "1-0"]
[WhiteElo "2494"]
[BlackElo "2145"]
[Annotator "TA"]
[PlyCount "111"]
[EventDate "2022.02.12"]
[EventType "swiss"]
[EventCountry "MEX"]
[SourceTitle "playchess.com"]
[Source "ChessBase"]
[SourceQuality "1"]

{[%evp 14,111,28,16,40,36,58,53,52,40,35,21,57,54,51,41,62,46,47,39,44,42,42,35,50,42,49,28,33,24,33,0,0,0,0,-16,88,69,69,65,65,65,85,72,66,68,66,66,68,64,65,65,65,60,60,60,112,95,106,95,125,102,102,95,95,95,95,83,95,95,114,114,114,114,114,56,56,56,56,56,56,56,62,62,62,63,64,63,63,65,83,83,93,24,24,24,95,95,29979,29972]} 1. d4 e6 2. c4 f5 3. Nf3 Nf6 4. g3 d5 5. Bg2 c6 6. O-O Bd6 7. Nc3 O-O 8. Bf4 Ne4 {A90: Dutch Defence: Miscellaneous and Modern Stonewall (with ...Bd6).} 9. e3 Qe7 10. Rc1 Nd7 {[#] White is slightly better.} 11. c5 $146 ({Predecessor:} 11. Bxd6 Nxd6 12. cxd5 exd5 13. Ne2 Nb6 14. Nf4 Bd7 15. Qc2 Ne4 16. Nd3 Nc4 17. b3 {½-½ (26) Salus,S (2252)-Sermier,A (2205) France 2002}) 11... Bb8 12. b4 Nxc3 (12... b6 {keeps more tension.} 13. b5 Bxf4 14. bxc6 Nb8 15. exf4 Nxc6 16. cxb6 Bd7) 13. Rxc3 a6 14. a4 {[%cal Ob4b5,Ba2a4,Ba4b5][%mdl 32]} Kh8 15. b5 {White is more active.} axb5 16. axb5 e5 $1 17. dxe5 Nxe5 18. Qd4 Re8 19. Rb1 Bd7 20. Rcc1 cxb5 21. Bxe5 ({Of course not} 21. Qxd5 Bc6 22. Qd1 Nxf3+ 23. Bxf3 Bxf4 24. Bxc6 bxc6 $11) 21... Bxe5 22. Qxd5 Bc6 23. Qb3 Red8 {Prevents Nd4.} 24. Rd1 Bxf3 (24... Qxc5 $2 25. Rxd8+ (25. Rdc1 Qe7 $14) 25... Rxd8 26. Ng5 $18) (24... Rxd1+ $11 25. Rxd1 Qxc5) 25. Rxd8+ (25. Bxf3 {seems wilder.} Qxc5 26. Rdc1 Qe7 27. Qxb5 g6 28. Rc5) 25... Rxd8 26. Bxf3 Qxc5 27. Qxb5 b6 28. Qxb6 (28. Qa6 {looks sharper.} Rb8 29. Rb5 Qc4 30. Bb7 Qc7 31. Rxb6 g6 32. Qb5) 28... Qxb6 29. Rxb6 $16 {[%mdl 4096] Endgame KRB-KRB} g6 30. Kg2 Rd7 31. Rb5 Re7 32. h3 Kg7 33. Bd5 h6 34. Kf3 g5 (34... h5 $14) 35. Rb6 Bf6 36. Ba2 Ra7 37. Bb1 Ra5 38. Rb7+ Kf8 39. Bc2 Be7 40. Bb3 Rc5 41. g4 f4 42. exf4 Rc3+ 43. Ke4 {[#] And now f5 would win.} gxf4 44. Be6 (44. f3 $16) 44... Bg5 $14 45. h4 Bxh4 46. Rf7+ Ke8 47. Rxf4 Ke7 48. Ke5 Rc5+ 49. Bd5 $1 {Rf7+ is the strong threat.} Ra5 50. Rf7+ Ke8 {[%cal Oa5d5]} 51. Rf5 Ra6 52. f4 Be7 53. Rh5 (53. Ke4 $16) 53... Bd6+ $11 54. Kf5 Ra5 (54... Bc7 $1 $11) 55. Ke6 $16 ({Reject} 55. Rxh6 $6 Rxd5+ 56. Ke6 Ra5 $11) 55... Bxf4 $2 {[%mdl 8192] [#]} (55... Ra6 $16) 56. Bc6+ {Weighted Error Value: White=0.09 (flawless) /Black=0.23 (precise)} 1-0

[Event "VIII Iberoamericano Mexico 2022"]
[Site "Mexico City"]
[Date "2022.02.14"]
[Round "3.19"]
[White "Cardoso Cardoso, Jose Gabriel"]
[Black "Ruiz Perez, Juan Octavio"]
[Result "1-0"]
[WhiteElo "2461"]
[BlackElo "2074"]
[Annotator "TA"]
[PlyCount "53"]
[EventDate "2022.02.12"]
[EventType "swiss"]
[EventCountry "MEX"]
[SourceTitle "playchess.com"]
[Source "ChessBase"]
[SourceQuality "1"]

{[%evp 13,53,50,44,50,63,56,59,29,41,35,44,-28,-23,-43,-42,-53,-56,-120,0,0,0,0,19,0,0,-47,26,11,35,30,227,218,566,586,838,838,826,747,723,319,1919,936]} 1. e4 c5 2. Nf3 d6 3. d4 cxd4 4. Nxd4 Nf6 5. Nc3 a6 6. f3 Qb6 7. Nb3 {7.Nb3 has become a bit dusty these days.} e6 8. g4 {[%cal Bg2g4,Bg4g5][%mdl 32] is the legacy move (8.Bf4). B90: Sicilian Najdorf: Unusual White 6th moves, 6 Be3 Ng4 and 6 Be3 e5.} Be7 9. g5 Nfd7 10. Qe2 {White is slightly better.} Qc7 {[#]} 11. h4 $146 ({Predecessor:} 11. Be3 b5 12. Qf2 Bb7 13. O-O-O b4 14. Ne2 O-O 15. h4 a5 16. Ned4 a4 17. Nb5 {1-0 (47) Yemelin,V (2534)-Popov,V (2579) Krasnodar 2002}) 11... b5 {[%cal Bb7b5,Bb5b4][%mdl 32]} 12. h5 (12. a3 $14) 12... b4 $1 $11 13. Nd1 Nc6 14. Qg2 d5 15. Nf2 {[#]} (15. exd5 $15 exd5 16. f4) 15... Nb6 (15... a5 $1 $17 {[%cal Ra5a4] ...a4 is the strong threat.} 16. exd5 exd5) 16. g6 hxg6 17. hxg6 Rxh1 18. Qxh1 fxg6 19. Qg2 (19. Qh7 $1 $11 {deserves consideration.}) 19... Bh4 ({Black should try} 19... Kf7 $15) 20. Bg5 Bxf2+ 21. Qxf2 {aiming for 0-0-0.} Nc4 $2 {[#] This move loses the game for Black.} (21... a5 $1 $11 {and Black is okay.}) 22. O-O-O $1 $18 N6a5 $2 (22... Qe5 {is more resistant.} 23. Bxc4 dxc4) 23. Nxa5 {[%mdl 64] Overworked Piece} Qxa5 24. Bxc4 dxc4 25. Rd8+ Kf7 26. Qd2 (26. Qh4 $142 {Threatening mate with Qf4+.} Qe5 27. Be3) 26... Qc7 (26... Qe5 27. Rxc8 Rxc8) 27. Qxb4 {Weighted Error Value: White=0.39/Black=0.66} 1-0

[Event "VIII Iberoamericano Mexico 2022"]
[Site "Mexico City"]
[Date "2022.02.14"]
[Round "3.20"]
[White "Luna Javier, Edgar Froylan"]
[Black "Berdayes Ason, Dylan Isidro"]
[Result "1/2-1/2"]
[WhiteElo "2148"]
[BlackElo "2445"]
[Annotator "TA"]
[PlyCount "71"]
[EventDate "2022.02.12"]
[EventType "swiss"]
[EventCountry "MEX"]
[SourceTitle "playchess.com"]
[Source "ChessBase"]
[SourceQuality "1"]

{[%evp 9,71,8,23,0,4,0,6,0,6,-8,0,-15,0,-12,94,78,121,122,161,24,42,23,44,0,35,35,42,8,148,88,81,88,92,70,169,164,199,212,209,107,321,87,91,93,66,53,59,0,62,0,0,-91,-149,-419,-24,-43,0,-68,0,0,0,0,0,0]} 1. d4 Nf6 2. Nf3 d5 3. g3 e6 4. Bg2 b5 5. O-O Bb7 6. b3 {[%cal Oc2c4] A46: 1 d4 Nf6 2 Nf3 e6: Torre, London and Colle Systems.} c5 7. c4 dxc4 8. bxc4 bxc4 9. Qa4+ Nbd7 10. Rd1 {[#]} Qc7 $146 ({Predecessor:} 10... Nd5 11. Qxc4 Be7 12. dxc5 Rc8 13. Bb2 O-O 14. Nc3 Bxc5 15. Qd3 Bxf2+ 16. Kxf2 Qb6+ {½-½ (76) Morozevich,A (2741)-Leko,P (2749) Monte Carlo 2005}) 11. Nc3 Bc6 (11... cxd4 $11 {keeps the balance.} 12. Rxd4 Bc5 13. Rxc4 Bc6) 12. Qxc4 $16 {[%cal Oe2e4]} Nb6 (12... Be7 $142) 13. Qa6 $1 Qc8 {[#]} 14. Qd3 ({White must play} 14. Nb5 $1 $18 {[%mdl 512]}) 14... c4 $11 15. Qc2 Bb4 16. Bg5 (16. a4 $14) 16... O-O 17. Bxf6 gxf6 18. Rab1 Ba3 (18... Bxc3 $11 19. Qxc3 Rb8) 19. Nb5 (19. e4 $142) 19... Be7 $16 20. e4 Rd8 21. d5 exd5 (21... Be8 $14) 22. Nfd4 $18 Bb7 23. Nf5 {[%mdl 1024] White has strong compensation.} Bf8 24. Qc3 (24. Qe2 $18) 24... Qc6 $2 (24... dxe4 $16 {is a better defense.} 25. Qxf6 Rxd1+ 26. Rxd1 Qe6 27. Qg5+ Kh8) 25. Nbd4 $2 {Pair of Knights!} (25. exd5 $18 {and White stays clearly on top.} Nxd5 26. Qd4) 25... Qc7 $16 26. Qf3 {Qg4+ is the strong threat.} dxe4 27. Qg4+ Kh8 28. Rb5 {Prevents Qe5.} (28. Re1 $14) 28... Rd7 (28... a6 $11 29. Qh4 (29. Rbb1 c3 $11) 29... axb5 30. Qxf6+ Kg8 31. Qg5+ Kh8 32. Qf6+ Kg8 33. Qg5+ Kh8 34. Qf6+) 29. Qh4 {White is much more active.} ({White should try} 29. Bxe4 $14 Bxe4 30. Qxe4) 29... Qd8 $11 30. Bh3 (30. Bxe4 $11 {remains equal.} Bxe4 31. Qxe4) 30... c3 $17 {[%cal Oc3c2] Hoping for ...c2!} 31. Re1 $2 {[%mdl 8192]} (31. Qh5 $17 Ba6 32. Rbb1) 31... Rd5 $2 (31... Rxd4 $19 32. Nxd4 Qxd4) 32. Rxd5 Nxd5 (32... Bxd5 $15 33. Rc1 (33. Bg2 Rc8 $17) 33... Rc8) 33. Rxe4 (33. Qxe4 $11 Rc8 34. Bg2) 33... Nb4 (33... Nc7 $1 $15 34. Re3 Ne6 35. Nxe6 (35. Rxc3 Qd5 $17) 35... fxe6) 34. Re8 $11 {The position is equal.} Qxe8 35. Qxf6+ Kg8 36. Qg5+ {Weighted Error Value: White=0.52/Black=0.65} 1/2-1/2

[Event "VIII Iberoamericano Mexico 2022"]
[Site "Mexico City"]
[Date "2022.02.14"]
[Round "3.21"]
[White "Valdes Romero, Leonardo"]
[Black "Vega Garcia, Jorge Arturo"]
[Result "1/2-1/2"]
[WhiteElo "2404"]
[BlackElo "2121"]
[Annotator "TA"]
[PlyCount "97"]
[EventDate "2022.02.12"]
[EventType "swiss"]
[EventCountry "MEX"]
[SourceTitle "playchess.com"]
[Source "ChessBase"]
[SourceQuality "1"]

{[%evp 10,97,30,0,0,-16,2,0,0,0,0,0,0,0,16,0,49,47,52,31,45,29,86,47,47,31,27,20,54,0,20,2,0,0,2,0,4,0,20,12,17,17,35,17,28,0,0,-14,-20,-27,-20,-58,-10,-12,0,0,29,0,0,-16,-19,-15,0,-16,0,0,0,0,0,0,20,0,0,0,0,0,0,0,0,0,0,0,0,0,0,0,0,0,0,0]} 1. Nf3 d5 2. g3 c5 3. Bg2 Nc6 4. d4 e6 5. O-O Nf6 6. a3 (6. c4 {feels stronger.}) 6... cxd4 $11 {D02: 1 d4 d5 2 Nf3 sidelines, including 2...Nf6 3 g3 and 2...Nf6 3 Bf4.} 7. Nxd4 {[%cal Oc2c4]} Bc5 8. Nxc6 bxc6 9. c4 O-O 10. Qc2 {cxd5 is the strong threat.} Be7 11. Rd1 {[#]} Qa5 $146 ({Predecessor:} 11... Qb6 12. Nc3 Ng4 13. e3 Ba6 14. cxd5 cxd5 15. Bxd5 exd5 16. Nxd5 Qe6 17. Qc6 Rae8 18. Qxe6 fxe6 19. Nxe7+ Rxe7 {0-1 (24) Bao,K (2282)-Phan,B (1841) Ho Chi Minh City 2019}) 12. Nd2 Ba6 (12... Qb6 $11) 13. b4 $14 Qb6 (13... Bxb4 $2 14. axb4 Qxa1 15. Bb2 $18) 14. c5 Qc7 15. Nf3 Ne4 (15... e5 $11) 16. Bb2 Bf6 17. e3 Bxb2 18. Qxb2 Rfe8 19. Qe5 (19. Nd4 $14) 19... Rac8 20. Rac1 Bb5 21. Qxc7 Rxc7 22. Nd4 {[%cal Bf3d4,Bd4e2,Be2c3][%mdl 32] With the idea Bxe4.} Ba4 23. Re1 Nf6 {[%cal Oa7a5]} 24. Bf1 {[%cal Bg2f1,Bf1d3,Bd3b1][%mdl 32]} Rb8 25. f4 Kf8 26. Bd3 Ra8 27. Ne2 a6 28. Nc3 Bb5 29. Bb1 Rb8 30. Red1 Ke7 (30... Bc4 $15) 31. e4 $11 dxe4 32. Bxe4 Nd5 33. Bxd5 ({Much worse is} 33. Bxh7 Nxc3 34. Rxc3 g6 $17) 33... exd5 {The position is equal.} 34. Rd4 Kf8 35. Kf2 Re7 36. Re1 Rbe8 37. Rdd1 Bc4 38. Rxe7 Rxe7 {[%mdl 4096] Endgame KRB-KRN} 39. Re1 Rd7 40. Rd1 {[%cal Oc3e4]} Re7 41. Rd2 f6 42. Nd1 g6 43. Ne3 Bb5 44. Nc2 Re4 45. Nd4 Ba4 46. Rd3 Bb5 47. Rd2 Ba4 48. Rd3 Bb5 49. Rd2 {Weighted Error Value: White=0.09 (flawless) /Black=0.09 (flawless)} 1/2-1/2

[Event "VIII Iberoamericano Mexico 2022"]
[Site "Mexico City"]
[Date "2022.02.14"]
[Round "3.22"]
[White "Paredes Guzman, Francisco Javier"]
[Black "Leon Valdes, Jony Wilson"]
[Result "0-1"]
[WhiteElo "1891"]
[BlackElo "2392"]
[Annotator "TA"]
[PlyCount "133"]
[EventDate "2022.02.12"]
[EventType "swiss"]
[EventCountry "MEX"]
[SourceTitle "playchess.com"]
[Source "ChessBase"]
[SourceQuality "1"]

{[%evp 15,133,0,5,0,1,0,0,-27,-41,-42,-25,-46,-41,-77,0,0,0,0,0,0,0,-80,-56,-74,-68,-61,-66,-61,-52,-133,-139,-131,-140,-136,-142,-184,-127,-171,-166,-171,-179,-170,-175,-205,-148,-161,-161,-141,0,0,0,0,0,-3,0,0,0,-3,-3,-3,-5,-33,-68,-140,-152,-87,-48,-605,-579,-588,-574,-572,-537,-532,-512,-600,-600,-588,-547,-507,-466,-720,-712,-960,-874,-779,-435,-336,-23,-201,0,0,0,0,0,-28000,-28000,-28000,-28000,-28000,-28000,-28000,-28000,-27999,-27999,-27992,-27992,-27993,-27993,-27994,-27994,-27995,-27995,-27996,-27996,-27997,-27997,-27999,-27998,-27995]} 1. d4 Nf6 2. c4 c6 3. Nf3 d5 4. e3 g6 5. Nc3 Bg7 6. cxd5 cxd5 7. Bd3 O-O 8. O-O Nc6 9. b3 {D94: Grünfeld: 4 Nf3 Bg7 5 e3.} Bg4 10. Bb2 e5 11. dxe5 {[#] The position is equal.} Nxe5 12. Be2 Nxf3+ 13. Bxf3 Bxf3 14. gxf3 {[#]} Nd7 $146 (14... Nh5 $17) ({Predecessor:} 14... Qd7 15. Ne2 Rad8 16. Nf4 g5 17. Nd3 Rfe8 18. Kh1 Qf5 {½-½ (18) Kemeny,C (2040)-Csuri,L (2042) Hungary 2017}) 15. Qxd5 $11 Ne5 $1 16. Rad1 {To avoid Nd3} (16. Qxb7 $2 Rb8 17. Qd5 (17. Qe4 $2 Nd3 $19) 17... Nd3 18. Qxd8 Rfxd8 $19) 16... Qg5+ 17. Kh1 Qh4 {Threatens to win with ...Rad8.} 18. Ne2 {[#]} ({Reject} 18. Qxb7 Rab8 19. Qe4 Qh3) (18. Nb5 $11 {remains equal.} Rad8 19. Nd6 (19. Qxb7 $2 Rb8 $17)) 18... Rad8 $1 $17 19. Qe4 (19. Qxb7 $2 Rxd1 20. Rxd1 Qxf2 $19) 19... Qxe4 20. fxe4 Rxd1 $1 21. Rxd1 Ng4 $1 {[%csl LRb2,LRf2]} 22. Rb1 (22. Bxg7 $15 Nxf2+ 23. Kg2 Nxd1 24. Bxf8 Kxf8 25. Kf3) 22... Nxf2+ 23. Kg2 Nxe4 24. Bxg7 Kxg7 {[%mdl 4096] Endgame KRN-KRN} 25. Rd1 {To avoid Rd8} (25. Rc1 $17 {was worth a try.}) 25... Nf6 ({Black should try} 25... Rc8 $19 {...Rc2 is the strong threat.} 26. Rc1 Rxc1 27. Nxc1 f5) 26. Rd4 (26. Rc1 $17) 26... Rc8 $19 27. Ra4 Rc2 28. Kf3 a6 29. Rb4 b5 30. a4 Nd5 31. Rd4 bxa4 {Black is more active.} 32. Rxd5 $11 axb3 $17 {[%cal Ba4b3,Bb3b2][%mdl 32] aiming for ...b2. KRN-KR} 33. Rd1 b2 34. Rb1 $1 a5 {[%cal Ba6a5,Ba5a4,Ba4a3][%mdl 32]} 35. Nd4 $1 Rxh2 {And now ...a4 would win.} (35... Rd2 $5 36. Nb3 Rxh2 37. Nxa5 Rc2 $11) 36. Kg3 Rd2 37. Nb3 $1 {[%csl LRa5,LRd2]} Rd3 {[%csl LRb3,LRe3]} 38. Rxb2 a4 39. Nc5 (39. Nd4 $15) 39... Rxe3+ 40. Kf4 ({Better is} 40. Kf2 a3 41. Rb7) 40... a3 41. Ra2 {[%mdl 8192]} (41. Rb5 $15 Rc3 42. Ra5) 41... Rc3 42. Ne4 Rb3 43. Nc5 Rh3 44. Ke4 h5 45. Kf4 Kh6 46. Ne4 Rb3 47. Ke5 f5 48. Nd6 (48. Nc5 $142 Rb5 49. Kd5) 48... h4 $19 49. Nc4 Kh5 50. Nxa3 Re3+ 51. Kf6 h3 $2 (51... Rc3 $19 52. Nb1 Rc6+ 53. Ke5 Rc5+ 54. Kf6 h3) 52. Nc4 $11 Rc3 ({Black should play} 52... Rb3 $1 $19 {Strongly threatening ...Kg4.} 53. Rh2 f4) 53. Ne5 Rb3 {Hoping for ...Rb6+.} 54. Nxg6 Rb6+ $2 {[%mdl 8192]} (54... Rb5 $11) 55. Kxf5 Rxg6 {KR-KR. Black mates.} 56. Rh2 Rg3 57. Kf4 Kh4 58. Ra2 Rg8 59. Ra7 {[#]} Rf8+ $1 60. Ke3 {[#]} h2 $1 ({Not} 60... Re8+ 61. Kf2 $11) 61. Rh7+ Kg3 62. Rg7+ Kh3 63. Rh7+ Kg2 64. Rg7+ Kf1 65. Rh7 Rf2 66. Ra7 Kg1 67. Kd4 {Weighted Error Value: White=0.29 (precise) /Black=0.28 (precise)} 0-1

[Event "VIII Iberoamericano Mexico 2022"]
[Site "Mexico City"]
[Date "2022.02.14"]
[Round "3.24"]
[White "Fernandez Pozas, Pablo Antonio"]
[Black "Sandoval Mercado, Carlos"]
[Result "0-1"]
[WhiteElo "2072"]
[BlackElo "2289"]
[Annotator "TA"]
[PlyCount "79"]
[EventDate "2022.02.12"]
[EventType "swiss"]
[EventCountry "MEX"]
[SourceTitle "playchess.com"]
[Source "ChessBase"]
[SourceQuality "1"]

{[%evp 13,79,36,52,39,60,62,57,21,25,22,27,8,67,36,40,46,46,15,10,9,9,-47,-69,-39,-49,-155,4,-14,-14,-14,-16,-14,-14,-14,-16,-58,-55,-178,-166,-158,-154,-273,-257,-273,-269,-234,-208,-304,-297,-310,-322,-329,-322,-414,-392,-814,-703,-816,-641,-1256,-1213,-1251,-1247,-1206,-1018,-1187,-1116,-29995]} 1. d4 Nf6 2. c4 g6 3. Nc3 Bg7 4. e4 d6 5. h3 O-O 6. Nf3 e5 7. d5 Nh5 8. g3 {E90: King's Indian: Classical: Early deviations and 6 h3.} f5 9. exf5 gxf5 10. Ng5 {White is slightly better. was the old line (10.Nh4).} (10. Bg5 $5 {[%cal Rg5d8]} Qe8 11. Be2 $11) 10... Nf6 11. g4 Qe7 (11... fxg4 12. hxg4 Qe8 13. Ne6 Bxe6 14. dxe6 Qxe6 15. g5 $16) 12. Qc2 e4 (12... h6 $11 13. Ne6 Bxe6 14. dxe6 Qxe6) 13. gxf5 Bxf5 14. Be3 Na6 {[#]} 15. a3 $146 {Inhibits Nb4.} ({Predecessor:} 15. O-O-O Kh8 16. Nb5 Nb4 17. Qb3 Nd3+ 18. Bxd3 exd3 19. Nd4 Ne4 20. Nxf5 Rxf5 21. Nxe4 Qxe4 22. Qxd3 {1-0 (40) Zhigalko,S (2658)-Kovalev,V (2453) Minsk 2012}) 15... Nc5 16. O-O-O h6 17. Nf3 exf3 $15 18. Qxf5 Nfe4 {Pair of Knights!} 19. Qg4 {[#]} ({Only move:} 19. Qg6 $15) 19... Qf6 $2 {Black is more active.} 20. Bxc5 Nxc5 ({Don't take} 20... Nxc3 21. Bd4 h5 22. Qxg7+ (22. Bxf6 Ne2+ 23. Bxe2 hxg4 $16) 22... Qxg7 23. Bxg7 Ne2+ 24. Bxe2 fxe2 25. Rdg1 (25. Bxf8 exd1=Q+ 26. Kxd1 Rxf8 $16) 25... e1=Q+ 26. Rxe1 $16) 21. Rg1 Rae8 {[%cal Oc5e4,Ba8e8,Be8e5,Be5g5][%mdl 32]} 22. Bd3 {To avoid Ne4} Re5 23. Qg6 Qxg6 $40 {[%mdl 128] Black attacks.} 24. Bxg6 (24. Rxg6 $11 {deserves consideration.} Nxd3+ 25. Rxd3) 24... Rf4 25. Rg4 {White does not recover from this.} ({White should play} 25. Bc2 $15) 25... Rxg4 $19 26. hxg4 Rg5 {[%csl LRg4,LRg6]} 27. Bh5 (27. Bf5 $17) 27... Bxc3 28. bxc3 {[%mdl 4096] Endgame KRB-KRN} Re5 {[#] White must now prevent ...Re2.} 29. g5 hxg5 {[%cal Bh6g5,Bg5g4,Bg4g3,Bg3g2][%mdl 32] Hoping for ...Re2.} 30. Bxf3 (30. Rg1 {was the only defense.}) 30... Rf5 31. Bh5 Rxf2 32. Rg1 Kg7 33. Be8 Kf6 34. Rh1 $2 (34. Bh5) 34... g4 {And now ...g3 would win. Black is clearly winning.} 35. Rh6+ Ke7 {Strongly threatening ...g3.} 36. Bh5 g3 37. Rg6 g2 38. Bd1 Nd3+ 39. Kb1 Nf4 40. Bh5 {Weighted Error Value: White=0.55/Black=0.15 (very precise)} 0-1

[Event "VIII Iberoamericano Mexico 2022"]
[Site "Mexico City"]
[Date "2022.02.14"]
[Round "3.46"]
[White "Avila Bautista, Roberto Alejandro"]
[Black "Hernandez Diaz, Paula Sofia"]
[Result "1-0"]
[WhiteElo "2090"]
[BlackElo "1762"]
[Annotator "NA"]
[PlyCount "74"]
[EventDate "2022.02.12"]
[EventType "swiss"]
[EventCountry "MEX"]
[SourceTitle "playchess.com"]
[Source "ChessBase"]
[SourceQuality "1"]
[TimeControl "5400+30"]

1. Nf3 {[%emt 0:00:06]} c5 {[%emt 0:00:22]} 2. b3 {[%emt 0:00:08]} Nc6 {[%emt 0:01:16]} 3. Bb2 {[%emt 0:00:24]} d5 {[%emt 0:00:50]} 4. g3 {[%emt 0:00:08]} Nf6 {[%emt 0:00:17]} 5. Bg2 {[%emt 0:00:09]} g6 {[%emt 0:00:28]} 6. O-O {[%emt 0:00:24]} Bg7 {[%emt 0:00:12]} 7. d4 {[%emt 0:02:13]} cxd4 {[%emt 0:01:20]} 8. Nxd4 {[%emt 0:00:09]} O-O {[%emt 0:00:16]} 9. Nd2 {[%emt 0:03:29]} Re8 {[%emt 0:03:37]} 10. N2f3 {[%emt 0:00:27]} Bd7 {[%emt 0:08:30]} 11. Rc1 {[%emt 0:00:37]} Rc8 {[%emt 0:07:01]} 12. Nxc6 {[%emt 0:02:56]} bxc6 {[%emt 0:02:38]} 13. c4 {[%emt 0:00:39]} Be6 {[%emt 0:07:26]} 14. Ng5 {[%emt 0:17:49]} Bf5 {[%emt 0:08:21]} 15. Nf3 {[%emt 0:18:33]} Be4 {[%emt 0:08:45]} 16. Qd2 {[%emt 0:01:52]} Qb6 {[%emt 0:05:08]} 17. cxd5 {[%emt 0:02:24]} cxd5 {[%emt 0:01:29]} 18. Bd4 {[%emt 0:01:16]} Qa6 {[%emt 0:01:40]} 19. Qb2 {[%emt 0:00:47]} Nh5 {[%emt 0:10:01]} 20. Bxg7 {[%emt 0:46:00]} Nxg7 {[%emt 0:00:14]} 21. Ne5 {[%emt 0:00:00]} Bxg2 {[%emt 0:02:04]} 22. Kxg2 {[%emt 0:00:00]} Rxc1 {[%emt 0:00:56]} 23. Rxc1 {[%emt 0:00:00]} Rc8 {[%emt 0:00:54]} 24. Rxc8+ {[%emt 0:00:00]} Qxc8 {[%emt 0:00:46]} 25. Qd4 {[%emt 0:00:00]} Qb7 {[%emt 0:00:48]} 26. Ng4 {[%emt 0:00:00]} Nf5 {[%emt 0:04:32]} 27. Qa4 {[%emt 0:00:00]} f6 {[%emt 0:07:17]} 28. Qf4 {[%emt 0:00:00]} Kg7 {[%emt 0:02:15]} 29. Kg1 {[%emt 0:00:00]} Qa6 {[%emt 0:09:08]} 30. Qd2 {[%emt 0:00:00]} Qc6 {[%emt 0:01:21]} 31. Ne3 {[%emt 0:00:00]} Nxe3 {[%emt 0:00:34]} 32. Qxe3 {[%emt 0:00:00]} Qb7 {[%emt 0:00:12]} 33. Qc5 {[%emt 0:00:00]} Kf7 {[%emt 0:01:16]} 34. b4 {[%emt 0:00:00]} Ke6 {[%emt 0:01:13]} 35. a4 {[%emt 0:00:00]} Qb6 {[%emt 0:02:59]} 36. Qc8+ {[%emt 0:00:00]} Kd6 {[%emt 0:00:24]} 37. Qc3 {[%emt 0:00:00]} Qc6 {[%emt 0:02:30]} 1-0

[Event "VIII Iberoamericano Mexico 2022"]
[Site "Mexico City"]
[Date "2022.02.14"]
[Round "3.48"]
[White "Jimenez Cunjama, Francisco Daniel"]
[Black "Ortiz Verdezoto, Anahi"]
[Result "0-1"]
[WhiteElo "1674"]
[BlackElo "2047"]
[Annotator "NA"]
[PlyCount "66"]
[EventDate "2022.02.12"]
[EventType "swiss"]
[EventCountry "MEX"]
[SourceTitle "playchess.com"]
[Source "ChessBase"]
[SourceQuality "1"]
[TimeControl "5400+30"]

1. d4 {[%emt 0:00:13]} Nf6 {[%emt 0:00:07]} 2. Nf3 {[%emt 0:00:10]} e6 {[%emt 0:00:11]} 3. Bf4 {[%emt 0:00:24]} b6 {[%emt 0:01:15]} 4. e3 {[%emt 0:01:46]} Bb7 {[%emt 0:00:28]} 5. Be2 {[%emt 0:00:15]} Be7 {[%emt 0:00:09]} 6. O-O {[%emt 0:00:12]} d6 {[%emt 0:00:18]} 7. c4 {[%emt 0:01:05]} c5 {[%emt 0:01:45]} 8. Nc3 {[%emt 0:01:46]} cxd4 {[%emt 0:01:20]} 9. exd4 {[%emt 0:00:43]} O-O {[%emt 0:00:49]} 10. Qc2 {[%emt 0:03:05]} a6 {[%emt 0:05:32]} 11. Rad1 {[%emt 0:03:12]} Nbd7 {[%emt 0:00:36]} 12. b3 {[%emt 0:02:49]} Rc8 {[%emt 0:00:39]} 13. Qd2 {[%emt 0:04:42]} d5 {[%emt 0:16:18]} 14. Qb2 {[%emt 0:10:18]} Bb4 {[%emt 0:07:13]} 15. Nb1 {[%emt 0:06:26]} Qe7 {[%emt 0:03:54]} 16. a3 {[%emt 0:01:35]} Bd6 {[%emt 0:00:02]} 17. Ne5 {[%emt 0:01:18]} Rfd8 18. Rfe1 {[%emt 0:04:49]} Nf8 {[%emt 0:10:35]} 19. Bg5 {[%emt 0:16:08]} h6 {[%emt 0:00:03]} 20. Bh4 {[%emt 0:00:18]} a5 {[%emt 0:07:57]} 21. cxd5 {[%emt 0:03:13]} Bxd5 {[%emt 0:00:03]} 22. Bc4 {[%emt 0:00:29]} g5 {[%emt 0:00:14]} 23. Bg3 {[%emt 0:02:31]} b5 {[%emt 0:02:21]} 24. Bxb5 {[%emt 0:01:57]} Qb7 {[%emt 0:02:13]} 25. Qe2 {[%emt 0:10:24]} Bxb3 {[%emt 0:06:55]} 26. Rd2 {[%emt 0:06:01]} Qd5 {[%emt 0:00:56]} 27. h4 {[%emt 0:02:24]} N8h7 {[%emt 0:01:16]} 28. f4 {[%emt 0:04:28]} g4 {[%emt 0:07:34]} 29. Nxg4 {[%emt 0:01:15]} Nxg4 30. Qxg4+ {[%emt 0:00:56]} Kh8 {[%emt 0:02:34]} 31. Qe2 {[%emt 0:04:21]} Rg8 {[%emt 0:00:37]} 32. Kh2 {[%emt 0:03:33]} Nf6 {[%emt 0:05:12]} 33. Bd3 {[%emt 0:00:48]} Nh5 {[%emt 0:17:54]} 0-1